|
|
|
|
| LEADER |
01228njm a2200301 a 4500 |
| 001 |
000586730 |
| 003 |
CZ BrMZK |
| 005 |
20020311115929.0 |
| 008 |
020211s2001 xr f cze d |
| 028 |
0 |
1 |
|a 7243 5 34402 2 0
|b Monitor-EMI
|
| 040 |
|
|
|a BOA001
|b cze
|
| 080 |
|
|
|a 785.16
|2 MRF
|
| 080 |
|
|
|a (086.7)
|2 MRF
|
| 100 |
1 |
|
|a Martinová, Věra,
|d 1960-
|7 jn20000401740
|4 cmp
|4 lyr
|4 prf
|
| 245 |
1 |
0 |
|a Slunci je to jedno
|h [zvukový záznam]
|
| 260 |
|
|
|a Praha :
|b Monitor-EMI,
|c p2001
|
| 300 |
|
|
|a 1 zvuková deska :
|b Dolby system ;
|c 12 cm +
|e 1 brožura [12 s.]
|
| 500 |
|
|
|a Texty písní v brožuře
|
| 500 |
|
|
|a Vydáno také na kazetě s objednacím číslem 5 34402 4
|
| 500 |
|
|
|a Nahráno ve studiu AMOD, únor-květen 2001
|
| 500 |
|
|
|a Kompaktní deska
|
| 505 |
0 |
0 |
|t Yamba damba --
|t Až --
|t Byl's frajer --
|t Jen tak koukám --
|t Noc --
|t Má pýchu králů --
|t Nebe nad Kartágem --
|t Lásky půl --
|t Hvězda v tísni --
|t Vím, ze půjdu i já --
|t Slunci je to jedno
|
| 650 |
0 |
7 |
|a country písně
|7 ph119261
|2 czenas
|
| 655 |
|
4 |
|a populární hudba
|
| 655 |
|
4 |
|a country
|
| 910 |
|
|
|a BOA001
|b CD-0010.091
|
| 990 |
|
|
|a AV
|
| 996 |
6 |
|
|b 261H010960
|c CD-0010.091
|l MZK
|r Sklad / do 24 hodin
|n 0
|w 000586730
|u 000010
|a 1
|e BOA001
|j MZK50
|s P
|